000 00472pab a2200169 454500
008 180718b2005 xxu||||| |||| 00| 0 eng d
100 _aPattnaik, Binay Kumar
245 _aPerceiving the role of grassroots NGOs: from the new social movement perspective
260 _c2005
300 _ap.1-24.
362 _aSep
650 _aSocial movements
650 _aNongovernmental Organizations
700 _aPanda, Biswambhar
773 _aSocial Change
909 _a68342
999 _c68342
_d68342